000 00392nam a2200121Ia 4500
005 20260328104257.0
008 260328s9999||||xx |||||||||||||| ||und||
100 _aVázquez Malagón, Emma del Carmen
245 0 _aMateria Cerámicos. propiEdades ,aplicaciones y elaboración /
_cEmma del Carmen Vázquez Malagón
260 _bColección CIDI
650 _aDISEÑO INDUSTRIAL
942 _cBK
999 _c10467
_d10467